000 00256nam a2200097Ia 4500
001 1251438
005 20251031150915.0
008 251031s9999 xx 000 0 und d
245 0 _cBERNA DURMAZ
_aJ-1 AĞAÇLI GÜL VE HAYAL
260 _bGÜNIŞIĞI YAYINLARI
999 _c1251438
_d1251438